Theory and practice of education / (Record no. 11898)

MARC details
000 -LEADER
fixed length control field 00902cam a22002532 4500
001 - CONTROL NUMBER
control field 0000003504
005 - DATE AND TIME OF LATEST TRANSACTION
control field 20151217155206.0
008 - FIXED-LENGTH DATA ELEMENTS--GENERAL INFORMATION
fixed length control field 070508s xx 000 0 eng d
020 ## - INTERNATIONAL STANDARD BOOK NUMBER
International Standard Book Number 9966464638 :
Terms of availability KES 670
040 ## - CATALOGING SOURCE
Original cataloging agency KABU
Transcribing agency KABU
050 #0 - LIBRARY OF CONGRESS CALL NUMBER
Classification number La1501
Item number .T44 1994
245 10 - TITLE STATEMENT
Title Theory and practice of education /
Statement of responsibility, etc. edited by G. A. Bannaars, J. E.Otiende, R. Boisvert.
260 ## - PUBLICATION, DISTRIBUTION, ETC. (IMPRINT)
Place of publication, distribution, etc. Nairobi :
Name of publisher, distributor, etc. East African Educational Publishers,
Date of publication, distribution, etc. 1994.
300 ## - PHYSICAL DESCRIPTION
Extent 328 p. ;
Dimensions 21 cm.
650 #0 - SUBJECT ADDED ENTRY--TOPICAL TERM
Topical term or geographic name as entry element Education
Geographic subdivision Africa
General subdivision Philosophy.
-- 0000153464
650 #0 - SUBJECT ADDED ENTRY--TOPICAL TERM
Topical term or geographic name as entry element School management and organization
Geographic subdivision Africa.
-- 0000153468
650 #0 - SUBJECT ADDED ENTRY--TOPICAL TERM
Topical term or geographic name as entry element Educational sociology
Geographic subdivision Africa.
-- 0000153469
700 1# - ADDED ENTRY--PERSONAL NAME
Personal name Bennaars, Gerard.
-- 0000153470
700 1# - ADDED ENTRY--PERSONAL NAME
Personal name Otiende, James E.
-- 0000149813
700 1# - ADDED ENTRY--PERSONAL NAME
Personal name Boisvert, Raymond.
-- 0000149815
908 ## - PUT COMMAND PARAMETER (RLIN)
Put command parameter 070508
950 ## - LOCAL HOLDINGS (RLIN)
-- 1
Holdings
Withdrawn status Lost status Source of classification or shelving scheme Not for loan Home library Current library Date acquired Total Checkouts Total Renewals Full call number Barcode Date last seen Date last checked out Price effective from Koha item type
    Library of Congress Classification   Kabarak, Main Campus Kabarak, Main Campus 17/12/2015 9 1 LA1501 .T44 1994 007607 27/08/2024 07/05/2024 17/12/2015 General Collection
Designed with assistance from East African Informatics Ltd